[Event "MPJ_D16"]
[Site "?"]
[Date "2016.03.19"]
[Round "8.16"]
[White "Samujlo, Agnieszka"]
[Black "Luka, Agnieszka"]
[Result "1-0"]
[BlackElo "1313"]
[WhiteElo "1637"]
[LiveChessVersion "1.4.8"]

1. e4 {[%clk 1:30:57]} d6 {[%clk 1:30:53]} 2. d4 {[%clk 1:31:21]} g6
{[%clk 1:31:13]} 3. Nf3 {[%clk 1:31:33]} Bg7 {[%clk 1:31:32]} 4. Nc3
{[%clk 1:31:19]} Nf6 {[%clk 1:31:22]} 5. Bc4 {[%clk 1:26:59]} Nbd7
{[%clk 1:31:28]} 6. Bb3 {[%clk 1:25:49]} O-O {[%clk 1:29:58]} 7. Bg5
{[%clk 1:24:35]} e5 {[%clk 1:30:05]} 8. dxe5 {[%clk 1:23:57]} Nxe5
{[%clk 1:30:18]} 9. Nxe5 {[%clk 1:23:49]} dxe5 {[%clk 1:30:38]} 10. Qxd8
{[%clk 1:23:59]} Rxd8 {[%clk 1:30:59]} 11. Nd5 {[%clk 1:22:01]} Rd6
{[%clk 1:27:49]} 12. Bxf6 {[%clk 1:21:54]} Bxf6 {[%clk 1:28:04]} 13. Nxc7
{[%clk 1:21:24]} Rb8 {[%clk 1:27:28]} 14. Ne8 {[%clk 1:17:43]} Rc6
{[%clk 1:27:17]} 15. Nxf6+ {[%clk 1:17:53]} Rxf6 {[%clk 1:27:39]} 16. Rd1
{[%clk 1:17:11]} Be6 {[%clk 1:27:29]} 17. Bxe6 {[%clk 1:16:09]} Rxe6
{[%clk 1:27:53]} 18. O-O {[%clk 1:15:33]} Ree8 {[%clk 1:28:03]} 19. Rd7
{[%clk 1:13:27]} Red8 {[%clk 1:28:15]} 20. Rfd1 {[%clk 1:13:36]} Rxd7
{[%clk 1:27:54]} 21. Rxd7 {[%clk 1:14:00]} Kg7 {[%clk 1:27:33]} 22. f3
{[%clk 1:13:11]} Kf6 {[%clk 1:26:28]} 23. Kf2 {[%clk 1:13:15]} Ke6
{[%clk 1:26:29]} 24. Rd2 {[%clk 1:12:58]} Ke7 {[%clk 1:26:26]} 25. Ke3
{[%clk 1:12:22]} Rc8 {[%clk 1:26:14]} 26. c3 {[%clk 1:11:03]} Rc6
{[%clk 1:26:20]} 27. Rd5 {[%clk 1:09:31]} f6 {[%clk 1:26:25]} 28. Kd3
{[%clk 1:06:04]} Ra6 {[%clk 1:24:06]} 29. a3 {[%clk 1:06:09]} Rb6
{[%clk 1:23:55]} 30. Kc2 {[%clk 1:06:26]} a6 {[%clk 1:23:03]} 31. b4
{[%clk 1:05:59]} Rc6 {[%clk 1:23:18]} 32. Kb3 {[%clk 1:05:59]} b5
{[%clk 1:22:07]} 33. Rd3 {[%clk 1:05:28]} Rc4 {[%clk 1:20:28]} 34. a4
{[%clk 1:05:21]} Rc6 {[%clk 1:20:22]} 35. axb5 {[%clk 1:05:10]} axb5
{[%clk 1:20:45]} 36. Rd5 {[%clk 1:05:26]} Rb6 {[%clk 1:20:54]} 37. c4
{[%clk 1:04:50]} bxc4+ {[%clk 1:20:17]} 38. Kxc4 {[%clk 1:05:12]} Rc6+
{[%clk 1:20:02]} 39. Rc5 {[%clk 1:04:48]} Kd6 {[%clk 1:19:52]} 40. Rxc6+
{[%clk 1:29:47]} Kxc6 {[%clk 1:49:48]} 41. b5+ {[%clk 1:29:28]} Kd6
{[%clk 1:49:26]} 42. b6 {[%clk 1:27:15]} Kc6 {[%clk 1:47:26]} 43. b7
{[%clk 1:26:58]} Kxb7 {[%clk 1:47:48]} 44. Kd5 {[%clk 1:27:24]} 1-0

[Event "MPJ_D16"]
[Site "?"]
[Date "2016.03.19"]
[Round "8.17"]
[White "Przepiora, Anna"]
[Black "Waszkowiak, Kinga"]
[Result "1-0"]
[BlackElo "1044"]
[WhiteElo "1243"]
[LiveChessVersion "1.4.8"]

1. e4 {[%clk 1:30:58]} c5 {[%clk 1:30:51]} 2. Nf3 {[%clk 1:31:22]} d6
{[%clk 1:31:09]} 3. d4 {[%clk 1:31:46]} cxd4 {[%clk 1:31:33]} 4. Nxd4
{[%clk 1:32:10]} Nf6 {[%clk 1:31:54]} 5. Nc3 {[%clk 1:32:33]} g6 {[%clk 1:32:16]}
6. Be3 {[%clk 1:32:55]} Bg7 {[%clk 1:32:26]} 7. f3 {[%clk 1:33:17]} O-O
{[%clk 1:32:49]} 8. Bc4 {[%clk 1:33:42]} Nc6 {[%clk 1:33:09]} 9. Qd2
{[%clk 1:34:04]} Bd7 {[%clk 1:33:31]} 10. O-O-O {[%clk 1:34:26]} Rc8
{[%clk 1:33:57]} 11. g4 {[%clk 1:34:07]} Ne5 {[%clk 1:33:51]} 12. Bb3
{[%clk 1:34:26]} b5 {[%clk 1:34:01]} 13. h4 {[%clk 1:31:21]} b4 {[%clk 1:12:56]}
14. Nb1 {[%clk 1:25:47]} a5 {[%clk 1:04:02]} 15. a3 {[%clk 1:26:01]} Nc4
{[%clk 1:01:16]} 16. Bxc4 {[%clk 1:26:20]} Rxc4 {[%clk 1:01:35]} 17. b3
{[%clk 1:22:01]} Rc8 {[%clk 0:50:10]} 18. axb4 {[%clk 1:21:40]} axb4
{[%clk 0:46:31]} 19. Qxb4 {[%clk 1:21:39]} Rb8 {[%clk 0:44:49]} 20. Qd2
{[%clk 1:21:21]} Ra8 {[%clk 0:39:40]} 21. Bh6 {[%clk 1:18:38]} Ra1
{[%clk 0:32:02]} 22. Bxg7 {[%clk 1:17:03]} Kxg7 {[%clk 0:32:14]} 23. g5
{[%clk 1:10:55]} Nh5 {[%clk 0:31:17]} 24. Qc3 {[%clk 1:10:49]} Rxb1+
{[%clk 0:25:35]} 25. Kxb1 {[%clk 1:10:52]} Kg8 {[%clk 0:25:07]} 26. Ne2
{[%clk 1:05:49]} Bb5 {[%clk 0:23:48]} 27. Nd4 {[%clk 1:04:19]} Bd7
{[%clk 0:24:04]} 28. Kb2 {[%clk 1:03:51]} Qb6 {[%clk 0:23:32]} 29. Ra1
{[%clk 1:02:33]} Nf4 {[%clk 0:22:08]} 30. Qd2 {[%clk 0:59:07]} Ne6
{[%clk 0:19:04]} 31. Nxe6 {[%clk 0:59:13]} Bxe6 {[%clk 0:18:51]} 32. h5
{[%clk 0:59:00]} gxh5 {[%clk 0:14:39]} 33. Rxh5 {[%clk 0:58:40]} Rb8
{[%clk 0:12:04]} 34. Qd3 {[%clk 0:56:43]} Bxb3 {[%clk 0:06:51]} 35. cxb3
{[%clk 0:56:39]} Qf2+ {[%clk 0:07:05]} 36. Qc2 {[%clk 0:55:42]} Qd4+
{[%clk 0:06:50]} 37. Kb1 {[%clk 0:55:34]} Qg1+ {[%clk 0:05:20]} 38. Qc1
{[%clk 0:55:49]} Qb6 {[%clk 0:04:50]} 39. Ra3 {[%clk 0:55:39]} Qd4
{[%clk 0:03:30]} 40. Qc2 {[%clk 1:25:37]} e5 {[%clk 0:31:16]} 41. Ra4
{[%clk 1:24:49]} Qxa4 {[%clk 0:28:36]} 42. Qc8+ {[%clk 1:23:42]} Rxc8
{[%clk 0:28:18]} 43. bxa4 {[%clk 1:24:07]} Ra8 {[%clk 0:25:14]} 44. Rh6
{[%clk 1:24:27]} Rxa4 {[%clk 0:21:46]} 45. Rxd6 {[%clk 1:24:49]} Rd4
{[%clk 0:17:12]} 46. Rxd4 {[%clk 1:24:59]} exd4 {[%clk 0:17:35]} 47. Kc2
{[%clk 1:25:24]} f6 {[%clk 0:15:05]} 48. f4 {[%clk 1:25:20]} Kf7 {[%clk 0:09:11]}
49. Kd3 {[%clk 1:24:02]} Ke6 {[%clk 0:06:11]} 50. gxf6 {[%clk 1:23:32]} Kxf6
{[%clk 0:04:48]} 51. Kxd4 {[%clk 1:23:52]} Ke6 {[%clk 0:04:49]} 52. Ke3
{[%clk 1:24:01]} Kf7 {[%clk 0:02:45]} 53. Kf3 {[%clk 1:24:21]} Kf6
{[%clk 0:02:58]} 54. Kg4 {[%clk 1:24:42]} Kg6 {[%clk 0:02:51]} 55. f5+
{[%clk 1:25:05]} Kf6 {[%clk 0:02:35]} 56. Kh5 {[%clk 1:25:20]} Ke5
{[%clk 0:01:46]} 57. Kh6 {[%clk 1:25:41]} Kf6 {[%clk 0:01:43]} 58. Kxh7
{[%clk 1:26:01]} Kf7 {[%clk 0:02:01]} 59. e5 {[%clk 1:26:20]} Kf8
{[%clk 0:01:59]} 60. e6 {[%clk 1:26:37]} Ke7 {[%clk 0:02:15]} 61. Kg7
{[%clk 1:26:33]} Ke8 {[%clk 0:02:14]} 1-0

[Event "MPJ_D16"]
[Site "?"]
[Date "2016.03.20"]
[Round "9.1"]
[White "Frej, Zofia"]
[Black "Cieslak, Wiktoria"]
[Result "1/2-1/2"]
[BlackElo "1904"]
[WhiteElo "1792"]
[LiveChessVersion "1.4.8"]

1. d4 {[%clk 1:30:57]} Nf6 {[%clk 1:30:52]} 2. Nf3 {[%clk 1:31:21]} g6
{[%clk 1:31:16]} 3. c4 {[%clk 1:31:45]} Bg7 {[%clk 1:31:24]} 4. Nc3
{[%clk 1:32:08]} O-O {[%clk 1:31:37]} 5. e4 {[%clk 1:32:24]} d6 {[%clk 1:31:58]}
6. Be2 {[%clk 1:32:48]} Nbd7 {[%clk 1:27:12]} 7. O-O {[%clk 1:33:07]} e5
{[%clk 1:27:04]} 8. dxe5 {[%clk 1:33:25]} dxe5 {[%clk 1:27:11]} 9. Qc2
{[%clk 1:31:52]} c6 {[%clk 1:23:18]} 10. Bg5 {[%clk 1:27:11]} Qc7
{[%clk 1:21:43]} 11. Rfd1 {[%clk 1:19:38]} h6 {[%clk 1:21:11]} 12. Bxf6
{[%clk 1:17:07]} Nxf6 {[%clk 1:21:14]} 13. b4 {[%clk 1:14:24]} Nh5
{[%clk 1:14:38]} 14. c5 {[%clk 1:03:34]} Nf4 {[%clk 1:08:57]} 15. Rd6
{[%clk 0:58:15]} Bg4 {[%clk 1:01:21]} 16. Nh4 {[%clk 0:54:25]} Be6
{[%clk 0:57:33]} 17. Rad1 {[%clk 0:50:56]} Rfd8 {[%clk 0:55:17]} 18. Nf3
{[%clk 0:50:17]} Rd7 {[%clk 0:52:14]} 19. Rxd7 {[%clk 0:35:42]} Bxd7
{[%clk 0:50:53]} 20. Bc4 {[%clk 0:35:34]} Be6 {[%clk 0:49:12]} 21. Ne2
{[%clk 0:33:49]} Bxc4 {[%clk 0:42:15]} 22. Qxc4 {[%clk 0:31:41]} Ne6
{[%clk 0:42:20]} 23. g3 {[%clk 0:28:21]} Rd8 {[%clk 0:42:22]} 24. Rd3
{[%clk 0:27:26]} a5 {[%clk 0:38:29]} 25. a3 {[%clk 0:25:38]} axb4
{[%clk 0:38:35]} 26. axb4 {[%clk 0:26:03]} b5 {[%clk 0:32:56]} 27. cxb6
{[%clk 0:24:18]} Qxb6 {[%clk 0:33:18]} 28. Rxd8+ {[%clk 0:24:02]} Qxd8
{[%clk 0:33:43]} 29. Kg2 {[%clk 0:23:53]} Qd6 {[%clk 0:31:25]} 30. b5
{[%clk 0:20:46]} cxb5 {[%clk 0:27:00]} 31. Qxb5 {[%clk 0:20:54]} Nd4
{[%clk 0:22:54]} 32. Nexd4 {[%clk 0:19:07]} exd4 {[%clk 0:23:13]} 33. e5
{[%clk 0:19:00]} Qd8 {[%clk 0:15:51]} 34. Qd3 {[%clk 0:18:46]} Qd5
{[%clk 0:15:43]} 35. Qxd4 {[%clk 0:19:05]} Qxd4 {[%clk 0:16:03]} 36. Nxd4
{[%clk 0:19:29]} Bxe5 {[%clk 0:16:28]} 37. Nc6 {[%clk 0:19:20]} Bc3
{[%clk 0:16:33]} 38. Ne7+ {[%clk 0:19:34]} Kg7 {[%clk 0:16:43]} 39. f4
{[%clk 0:19:34]} Bd2 {[%clk 0:16:13]} 40. Nd5 {[%clk 0:47:46]} f5
{[%clk 0:46:19]} 41. Kf3 {[%clk 0:47:22]} 1/2-1/2

[Event "MPJ_D16"]
[Site "?"]
[Date "2016.03.20"]
[Round "9.2"]
[White "Trusz, Julia"]
[Black "Kindler, Karolina"]
[Result "0-1"]
[BlackElo "1597"]
[WhiteElo "1653"]
[LiveChessVersion "1.4.8"]

1. e4 {[%clk 1:30:57]} c5 {[%clk 1:30:51]} 2. Nf3 {[%clk 1:31:14]} e6
{[%clk 1:31:14]} 3. d4 {[%clk 1:31:24]} cxd4 {[%clk 1:31:37]} 4. Nxd4
{[%clk 1:31:47]} Nf6 {[%clk 1:32:01]} 5. Bd3 {[%clk 1:31:58]} d6 {[%clk 1:32:23]}
6. O-O {[%clk 1:31:40]} Be7 {[%clk 1:32:45]} 7. Nc3 {[%clk 1:31:51]} O-O
{[%clk 1:33:03]} 8. Qe2 {[%clk 1:31:37]} a6 {[%clk 1:32:57]} 9. a4
{[%clk 1:31:43]} b6 {[%clk 1:32:33]} 10. f4 {[%clk 1:30:32]} Bb7 {[%clk 1:31:25]}
11. Bd2 {[%clk 1:29:49]} Qc7 {[%clk 1:25:14]} 12. Kh1 {[%clk 1:29:04]} Nbd7
{[%clk 1:25:11]} 13. Rae1 {[%clk 1:28:03]} Nc5 {[%clk 1:20:41]} 14. Rf3
{[%clk 1:26:37]} d5 {[%clk 1:16:15]} 15. e5 {[%clk 1:23:20]} Nfe4
{[%clk 1:16:08]} 16. Rh3 {[%clk 1:17:29]} Nxd3 {[%clk 1:14:48]} 17. cxd3
{[%clk 1:17:40]} Nxd2 {[%clk 1:14:12]} 18. Qxd2 {[%clk 1:17:10]} Bb4
{[%clk 1:13:54]} 19. f5 {[%clk 1:15:09]} exf5 {[%clk 1:03:33]} 20. Nxf5
{[%clk 1:15:24]} Bc8 {[%clk 1:01:31]} 21. Qg5 {[%clk 1:10:35]} Bxf5
{[%clk 1:01:44]} 22. Qxf5 {[%clk 1:10:51]} g6 {[%clk 1:00:21]} 23. Nxd5
{[%clk 1:10:20]} gxf5 {[%clk 0:58:11]} 24. Nf6+ {[%clk 1:08:15]} Kg7
{[%clk 0:58:35]} 25. Rg3+ {[%clk 1:08:39]} Kh8 {[%clk 0:56:38]} 26. Rh3
{[%clk 1:08:50]} h6 {[%clk 0:55:28]} 0-1

[Event "MPJ_D16"]
[Site "?"]
[Date "2016.03.20"]
[Round "9.3"]
[White "Krzywnicka, Maria"]
[Black "Karykowska, Anna"]
[Result "0-1"]
[BlackElo "1832"]
[WhiteElo "1646"]
[LiveChessVersion "1.4.8"]

1. e4 {[%clk 1:30:58]} e6 {[%clk 1:30:48]} 2. d4 {[%clk 1:31:02]} c5
{[%clk 1:31:05]} 3. d5 {[%clk 1:19:57]} exd5 {[%clk 1:31:30]} 4. exd5
{[%clk 1:20:18]} d6 {[%clk 1:31:56]} 5. c4 {[%clk 1:19:15]} Nf6 {[%clk 1:31:38]}
6. Nc3 {[%clk 1:14:48]} Be7 {[%clk 1:30:16]} 7. Bd3 {[%clk 1:14:57]} O-O
{[%clk 1:28:42]} 8. Nge2 {[%clk 1:14:37]} Na6 {[%clk 1:20:17]} 9. O-O
{[%clk 1:08:07]} Nc7 {[%clk 1:19:41]} 10. Ng3 {[%clk 1:06:35]} Ng4
{[%clk 1:08:24]} 11. f4 {[%clk 1:00:33]} Bf6 {[%clk 1:04:58]} 12. Qc2
{[%clk 0:48:14]} Bd4+ {[%clk 1:04:24]} 13. Kh1 {[%clk 0:48:22]} Qh4
{[%clk 1:00:48]} 0-1

[Event "MPJ_D16"]
[Site "?"]
[Date "2016.03.20"]
[Round "9.4"]
[White "Kaczmarska, Joanna"]
[Black "Ciesinska, Weronika"]
[Result "1/2-1/2"]
[BlackElo "1584"]
[WhiteElo "2013"]
[LiveChessVersion "1.4.8"]

1. d4 {[%clk 1:30:57]} Nf6 {[%clk 1:30:53]} 2. c4 {[%clk 1:31:16]} g6
{[%clk 1:31:18]} 3. Nc3 {[%clk 1:31:40]} Bg7 {[%clk 1:31:42]} 4. e4
{[%clk 1:32:07]} d6 {[%clk 1:32:06]} 5. f4 {[%clk 1:32:27]} O-O {[%clk 1:32:31]}
6. Nf3 {[%clk 1:32:48]} c5 {[%clk 1:32:49]} 7. d5 {[%clk 1:33:09]} e6
{[%clk 1:33:11]} 8. Bd3 {[%clk 1:31:41]} exd5 {[%clk 1:33:14]} 9. cxd5
{[%clk 1:32:05]} Re8 {[%clk 1:33:30]} 10. O-O {[%clk 1:31:53]} a6
{[%clk 1:26:06]} 11. a4 {[%clk 1:32:05]} c4 {[%clk 1:20:07]} 12. Bc2
{[%clk 1:31:59]} Bg4 {[%clk 1:12:45]} 13. h3 {[%clk 1:30:49]} Bxf3
{[%clk 1:12:10]} 14. Qxf3 {[%clk 1:30:51]} Nbd7 {[%clk 1:12:00]} 15. Be3
{[%clk 1:30:03]} Qc7 {[%clk 1:10:01]} 16. Qf2 {[%clk 1:22:45]} Rac8
{[%clk 1:04:01]} 17. Rad1 {[%clk 1:18:06]} Nc5 {[%clk 0:53:10]} 18. e5
{[%clk 1:15:37]} Nfd7 {[%clk 0:53:35]} 19. exd6 {[%clk 1:09:58]} Qxd6
{[%clk 0:53:30]} 20. Bd4 {[%clk 1:09:55]} Bxd4 {[%clk 0:45:59]} 21. Qxd4
{[%clk 1:10:03]} Nf6 {[%clk 0:45:21]} 22. Qxc4 {[%clk 1:05:45]} Nce4
{[%clk 0:44:46]} 23. Qd4 {[%clk 1:01:57]} Nxc3 {[%clk 0:40:17]} 24. bxc3
{[%clk 1:02:20]} Qc5 {[%clk 0:39:46]} 25. c4 {[%clk 0:59:48]} b5 {[%clk 0:35:18]}
26. axb5 {[%clk 0:54:44]} axb5 {[%clk 0:35:28]} 27. Kh1 {[%clk 0:46:36]} Qxd4
{[%clk 0:35:44]} 28. Rxd4 {[%clk 0:47:02]} bxc4 {[%clk 0:35:50]} 29. d6
{[%clk 0:44:33]} Red8 {[%clk 0:34:58]} 30. Ba4 {[%clk 0:29:56]} Rc5
{[%clk 0:31:45]} 31. Rfd1 {[%clk 0:27:57]} c3 {[%clk 0:30:53]} 32. Rc1
{[%clk 0:23:33]} Nd5 {[%clk 0:28:51]} 33. Bb3 {[%clk 0:19:38]} Rxd6
{[%clk 0:27:02]} 34. Bxd5 {[%clk 0:19:45]} Rdxd5 {[%clk 0:25:48]} 35. Rxd5
{[%clk 0:20:09]} Rxd5 {[%clk 0:26:13]} 36. Rxc3 {[%clk 0:20:29]} Rd4
{[%clk 0:26:04]} 37. Rf3 {[%clk 0:20:23]} h5 {[%clk 0:25:38]} 38. g4
{[%clk 0:12:08]} hxg4 {[%clk 0:25:45]} 39. hxg4 {[%clk 0:12:29]} g5
{[%clk 0:25:34]} 40. fxg5 {[%clk 0:41:59]} Rxg4 {[%clk 0:55:55]} 41. Rf5
{[%clk 0:42:06]} Kg7 {[%clk 0:55:56]} 42. Kh2 {[%clk 0:42:09]} Kg6
{[%clk 0:55:14]} 43. Rf6+ {[%clk 0:41:33]} Kxg5 {[%clk 0:55:12]} 44. Rxf7
{[%clk 0:41:55]} Ra4 {[%clk 0:55:08]} 1/2-1/2

[Event "MPJ_D16"]
[Site "?"]
[Date "2016.03.20"]
[Round "9.5"]
[White "Dwilewicz, Agata"]
[Black "Daliga, Anita"]
[Result "1/2-1/2"]
[BlackElo "1632"]
[WhiteElo "1813"]
[LiveChessVersion "1.4.8"]

1. e4 {[%clk 1:30:58]} c6 {[%clk 1:30:43]} 2. c4 {[%clk 1:31:19]} d5
{[%clk 1:30:57]} 3. exd5 {[%clk 1:31:43]} cxd5 {[%clk 1:30:58]} 4. cxd5
{[%clk 1:32:01]} Qxd5 {[%clk 1:31:04]} 5. Nc3 {[%clk 1:31:40]} Qd8
{[%clk 1:30:12]} 6. Bc4 {[%clk 1:31:01]} Nf6 {[%clk 1:28:42]} 7. Nf3
{[%clk 1:30:39]} e6 {[%clk 1:26:23]} 8. d4 {[%clk 1:30:22]} Nc6 {[%clk 1:23:01]}
9. O-O {[%clk 1:29:42]} Be7 {[%clk 1:21:56]} 10. Bf4 {[%clk 1:28:44]} a6
{[%clk 1:21:04]} 11. a4 {[%clk 1:23:34]} O-O {[%clk 1:19:15]} 12. Qd2
{[%clk 1:22:33]} b6 {[%clk 1:12:25]} 13. Rfd1 {[%clk 1:20:59]} Bb7
{[%clk 1:08:34]} 14. Qe2 {[%clk 1:10:10]} Nb4 {[%clk 0:58:14]} 15. Rac1
{[%clk 1:03:18]} Nbd5 {[%clk 0:55:42]} 16. Nxd5 {[%clk 1:01:08]} Nxd5
{[%clk 0:54:36]} 17. Bg3 {[%clk 0:53:20]} Bd6 {[%clk 0:43:13]} 18. Ne5
{[%clk 0:50:30]} Qe7 {[%clk 0:38:21]} 19. f4 {[%clk 0:48:45]} Rfd8
{[%clk 0:27:00]} 20. Qf2 {[%clk 0:43:40]} Bxe5 {[%clk 0:23:57]} 21. dxe5
{[%clk 0:42:40]} Qb4 {[%clk 0:21:08]} 22. Bd3 {[%clk 0:26:00]} Rdc8
{[%clk 0:19:03]} 23. f5 {[%clk 0:23:53]} Rxc1 {[%clk 0:16:51]} 24. Rxc1
{[%clk 0:24:19]} Rc8 {[%clk 0:15:16]} 25. Rxc8+ {[%clk 0:20:51]} Bxc8
{[%clk 0:15:42]} 26. fxe6 {[%clk 0:18:20]} Bxe6 {[%clk 0:15:11]} 27. Qc2
{[%clk 0:17:23]} Qc5+ {[%clk 0:14:15]} 28. Qxc5 {[%clk 0:17:31]} bxc5
{[%clk 0:14:41]} 29. Bxa6 {[%clk 0:16:00]} Nb6 {[%clk 0:13:06]} 30. Bb5
{[%clk 0:14:50]} Nc4 {[%clk 0:06:51]} 31. Bxc4 {[%clk 0:13:01]} Bxc4
{[%clk 0:07:16]} 32. Bf2 {[%clk 0:13:01]} Bb3 {[%clk 0:06:53]} 33. a5
{[%clk 0:13:20]} c4 {[%clk 0:06:42]} 34. a6 {[%clk 0:13:25]} Ba4 {[%clk 0:06:59]}
35. Bc5 {[%clk 0:13:37]} Bc6 {[%clk 0:06:48]} 36. a7 {[%clk 0:13:58]} h5
{[%clk 0:05:21]} 37. g3 {[%clk 0:13:42]} Kh7 {[%clk 0:04:24]} 38. Kf2
{[%clk 0:13:37]} g5 {[%clk 0:04:25]} 39. Ke3 {[%clk 0:12:25]} Kg6
{[%clk 0:04:40]} 40. Bd6 {[%clk 0:33:44]} Kf5 {[%clk 0:33:33]} 41. h4
{[%clk 0:26:06]} gxh4 {[%clk 0:31:16]} 42. gxh4 {[%clk 0:25:58]} Ke6
{[%clk 0:28:10]} 43. Kf4 {[%clk 0:15:44]} f6 {[%clk 0:27:39]} 44. Bc7
{[%clk 0:14:51]} fxe5+ {[%clk 0:26:14]} 45. Bxe5 {[%clk 0:15:14]} Bg2
{[%clk 0:23:02]} 46. Bc3 {[%clk 0:15:02]} Kd7 {[%clk 0:22:46]} 47. Kg5
{[%clk 0:15:09]} Bf3 {[%clk 0:22:33]} 48. a8=Q {[%clk 0:15:31]} Bxa8
{[%clk 0:22:57]} 49. Kxh5 {[%clk 0:15:56]} Ke7 {[%clk 0:21:46]} 50. Kg5
{[%clk 0:14:50]} Kf7 {[%clk 0:21:13]} 51. Kh6 {[%clk 0:11:49]} Be4
{[%clk 0:20:37]} 52. h5 {[%clk 0:12:05]} Kg8 {[%clk 0:20:29]} 53. Kg5
{[%clk 0:12:20]} Kh7 {[%clk 0:20:27]} 54. Kf4 {[%clk 0:12:16]} Bd5
{[%clk 0:19:54]} 55. Bd2 {[%clk 0:11:58]} Bf7 {[%clk 0:19:11]} 1/2-1/2

[Event "MPJ_D16"]
[Site "?"]
[Date "2016.03.20"]
[Round "9.6"]
[White "Parol, Pola"]
[Black "Buchta, Agnieszka"]
[Result "0-1"]
[BlackElo "1807"]
[WhiteElo "1893"]
[LiveChessVersion "1.4.8"]

1. e4 {[%clk 1:30:59]} e6 {[%clk 1:30:55]} 2. d4 {[%clk 1:31:16]} d5
{[%clk 1:31:20]} 3. Nc3 {[%clk 1:31:34]} Bb4 {[%clk 1:31:42]} 4. e5
{[%clk 1:31:50]} c5 {[%clk 1:32:04]} 5. a3 {[%clk 1:32:14]} Bxc3+
{[%clk 1:32:26]} 6. bxc3 {[%clk 1:32:36]} Qc7 {[%clk 1:32:48]} 7. Nf3
{[%clk 1:29:01]} b6 {[%clk 1:32:56]} 8. Bb5+ {[%clk 1:28:41]} Bd7
{[%clk 1:33:15]} 9. Bd3 {[%clk 1:28:49]} Ba4 {[%clk 1:32:50]} 10. h4
{[%clk 1:25:13]} cxd4 {[%clk 1:32:40]} 11. cxd4 {[%clk 1:24:34]} Qc3+
{[%clk 1:32:49]} 12. Bd2 {[%clk 1:24:23]} Qxd3 {[%clk 1:33:05]} 13. cxd3
{[%clk 1:24:21]} Bxd1 {[%clk 1:33:27]} 14. Rxd1 {[%clk 1:16:14]} Ne7
{[%clk 1:29:34]} 15. Rc1 {[%clk 1:12:33]} Nbc6 {[%clk 1:24:43]} 16. O-O
{[%clk 1:01:24]} Rc8 {[%clk 1:19:01]} 17. Rc2 {[%clk 0:57:15]} h6
{[%clk 1:16:01]} 18. Rfc1 {[%clk 0:55:34]} Kd7 {[%clk 1:09:49]} 19. Kf1
{[%clk 0:50:00]} Nb8 {[%clk 0:58:57]} 20. Bb4 {[%clk 0:47:35]} Rxc2
{[%clk 0:54:25]} 21. Rxc2 {[%clk 0:47:53]} Nbc6 {[%clk 0:53:50]} 22. Bc3
{[%clk 0:43:18]} Rc8 {[%clk 0:50:50]} 23. Ke2 {[%clk 0:41:04]} b5
{[%clk 0:44:29]} 24. Kd2 {[%clk 0:39:03]} a5 {[%clk 0:39:15]} 25. Bb2
{[%clk 0:34:28]} b4 {[%clk 0:36:16]} 26. axb4 {[%clk 0:30:08]} Nxb4
{[%clk 0:35:53]} 27. Rxc8 {[%clk 0:28:11]} Kxc8 {[%clk 0:26:41]} 28. Kc3
{[%clk 0:25:07]} Kb7 {[%clk 0:26:36]} 29. Ba3 {[%clk 0:23:50]} Nec6
{[%clk 0:26:14]} 30. h5 {[%clk 0:22:39]} Kb6 {[%clk 0:11:46]} 31. g4
{[%clk 0:18:23]} Kb5 {[%clk 0:08:34]} 32. Ne1 {[%clk 0:14:55]} Ka4
{[%clk 0:06:26]} 33. Bb2 {[%clk 0:14:08]} Na2+ {[%clk 0:05:26]} 34. Kc2
{[%clk 0:12:28]} Nab4+ {[%clk 0:04:46]} 35. Kc3 {[%clk 0:12:28]} Na2+
{[%clk 0:05:10]} 36. Kc2 {[%clk 0:12:53]} Ncb4+ {[%clk 0:04:06]} 37. Kb1
{[%clk 0:11:47]} Kb3 {[%clk 0:02:07]} 38. f4 {[%clk 0:11:30]} Nc6
{[%clk 0:02:10]} 39. g5 {[%clk 0:04:17]} Ne7 {[%clk 0:01:49]} 40. Nf3
{[%clk 0:33:30]} Nc3+ {[%clk 0:31:30]} 41. Ka1 {[%clk 0:15:35]} Ne2
{[%clk 0:23:39]} 42. Nh4 {[%clk 0:13:14]} Nxf4 {[%clk 0:23:36]} 43. gxh6
{[%clk 0:12:54]} gxh6 {[%clk 0:23:24]} 44. Bc1 {[%clk 0:12:33]} Nxh5
{[%clk 0:22:30]} 45. Bxh6 {[%clk 0:09:42]} a4 {[%clk 0:22:29]} 46. Nf3
{[%clk 0:08:42]} a3 {[%clk 0:21:31]} 47. Be3 {[%clk 0:07:21]} Nc6
{[%clk 0:19:15]} 48. Nd2+ {[%clk 0:05:42]} Kc3 {[%clk 0:15:35]} 49. Nb1+
{[%clk 0:04:52]} Kxd3 {[%clk 0:15:57]} 50. Bf2 {[%clk 0:04:29]} Nxd4
{[%clk 0:16:00]} 51. Ka2 {[%clk 0:04:03]} Nb5 {[%clk 0:12:46]} 52. Kb3
{[%clk 0:03:01]} Nf4 {[%clk 0:11:33]} 53. Be1 {[%clk 0:03:03]} Ne2
{[%clk 0:11:31]} 54. Bd2 {[%clk 0:03:01]} a2 {[%clk 0:10:59]} 55. Kxa2
{[%clk 0:03:13]} Nec3+ {[%clk 0:11:02]} 56. Nxc3 {[%clk 0:03:18]} Nxc3+
{[%clk 0:11:23]} 57. Bxc3 {[%clk 0:03:45]} Kxc3 {[%clk 0:11:45]} 0-1